00598 2200205 4500001002100000005001500021035002000036007000300056008004100059020002200100082001000122084001700132100002100149245007600170260006500246300003800311650000900349650001400358650002000372INLIS00000000000149920250922110742 a0010-0925000013ta250922 g 0 ind  a978-602-6473-08-0 a636.5 a636.5 ISK p0 aIskandar, Sofjan1 aPETUNJUK TEKNIS PRODUKSI AYAM LOKAL PEDAGING UNGGUL /cIskandar, Sofjan aBogor :bPusat Penelitian dan Pengembangan Peternakan,c2017 a71 hlm, :bilus, ;c15 cm x 21 cm 4aBuku 4aAyam Loka 4aPedaging Unggul